000 00478nam a2200169Ia 4500
003 LK-CoDNM
008 010623t2011 xxu||||| |||| 00| 1 sin d
040 _aLK-CoDNM
_dLK-CoDNM
_eLK-CoDNM
041 _asin
080 _a294.3 UKW
100 _aUkwattage,Sirisena
245 _aසෙත් පිරිත් සහිත වන්දනා ගාථා
246 _aSeth Pirith sahitha Wandana Gatha
260 _bS.n.
_aS.I.
_c2011
300 _b62, 21 cm
942 _cBK
999 _c131917
_d131917